00387nam a2200109Ia 4500008004100000082001900041100002100060245001600081260003900097630001800136650012300154211109s9999||||xx |||||||||||||| ||und|| a894.812bRAM-K aRaman Nair C I,  0aKarnaparvam bNATIONAL BOOKSTALLaKottayamc1900 xGeneral Stack aLiteratures of other languagesvAltaic, Uralic, Hyperborean & DravidianMalayalam LiteratureMalayalam PoetryxGeneralia